| 000 | 00417nam a22001817a 4500 | ||
|---|---|---|---|
| 003 | NUST - PNEC | ||
| 005 | 20170116181059.0 | ||
| 008 | 151002b xxu||||| |||| 00| 0 eng d | ||
| 020 | _a- | ||
| 040 | _cLIBRARY | ||
| 082 | _a621.381 PNE | ||
| 100 |
_912243 _aPNEC |
||
| 245 |
_aRadar (weapon engineering management course) _cPnec |
||
| 250 | _a- | ||
| 260 | _c- | ||
| 650 |
_912244 _aRadar _xME |
||
| 942 |
_2ddc _cBK |
||
| 999 |
_c68675 _d68675 |
||